000 00652nam a2200229Ia 4500
003 OSt
005 20220927104754.0
006 a|||||r|||| 00| 0
007 ta
008 220926b |||||||| |||| 00| 0 eng d
024 _a151155
037 _cReference Collections
040 _aRTL
_cRTL
_beng
041 _2eng
_aeng
082 _a"X9 (J:1).2,W,CARZ, K7"
110 _a"INDIA, LL\K SABHA, ESTIMATES (Committee)"
_9367226
245 0 _a55 Report
260 _c1967
700 _a"INDIA, LL\K SABHA, ESTIMATES (Committee)"
_9367227
942 _h"X9 (J:1).2,W,CARZ, K7"
_cCC
999 _c688614
_d688614